U.S. States in Order of Ratifying the Constitution - Statistics

General Stats
  • This quiz has been taken 7 times
  • The average score is 6 of 13
Answer Stats
Date Answer % Correct
December 7, 1787 Delaware
100%
December 12, 1787 Pennsylvania
60%
January 2, 1788 Georgia
40%
April 28, 1788 Maryland
40%
February 6, 1788 Massachusetts
40%
December 18, 1787 New Jersey
40%
June 26, 1788 New York
40%
November 21, 1789 North Carolina
40%
May 29, 1790 Rhode Island
40%
May 23, 1788 South Carolina
40%
June 25, 1788 Virginia
40%
January 9, 1788 Connecticut
20%
June 21, 1788 New Hampshire
20%
No matching quizzes found
Score Distribution
Percent of People with Each Score
Percentile by Number Answered
Your Score History
You have not taken this quiz